| Поле | Инд. | ПП | Название | Значение |
|---|---|---|---|---|
| Тип записи | m | |||
| Библиографический уровень | m | |||
| 001 | Контрольный номер | bd9fe8722d8a4f37a6977c4a3773c99e | ||
| 005 | Дата корректировки | 20241225170445.6 | ||
| 008 | Кодируемые данные | 241217|||||||||ru |||||||||||||||||rus|| | ||
| 040 | a | Служба первич. каталог. | DE | |
| b | Код языка каталог. | rus | ||
| e | Правила каталог. | PSBO | ||
| 084 | a | Индекс другой классификации/Индекс ББК | 33 | |
| 203 | a | Вид содержания | Текст | |
| c | Тип средства | электронный | ||
| 245 | 10 | a | Заглавие | Принцип наименьшего действия А. Пуанкаре |
| c | Ответственность | Министерство науки и высшего образования Российской Федерации, Федеральное государственное автономное образовательное учреждение высшего образования "Мурманский арктический университет", Кафедра морского нефтегазового дела ; составители Б. А. Коротаев, А. Б. Коротаев | ||
| b | Продолж. заглавия | методические указания к выполнению расчетно-графической работы по дисциплине "Механика сплошных сред" для обучающихся по направлению подготовки " Нефтегазовое дело" и специальности " Физические процессы горного или нефтегазового производства" | ||
| h | Физич. носитель | Электронный ресурс | ||
| 260 | a | Место издания | Мурманск | |
| b | Издательство | МАУ | ||
| c | Дата издания | 2024 | ||
| 500 | a | Примечание | Электрон. текстовые дан. (1 файл : 726 Кб) | |
| 500 | a | Примечание | URL: https://elib.mauniver.ru/2024/M_24_54.pdf | |
| 500 | a | Примечание | Доступ из локальной сети Мурманского арктического университета. - Загл. с титул. экрана | |
| 583 | x | Служебное примечание | Полнотекстовые документы | |
| x | Служебное примечание | Труды преподавателей МАУ | ||
| x | Служебное примечание | Без печатного варианта | ||
| x | Служебное примечание | Нефтегазовое дело. ВПО | ||
| 600 | 14 | a | Персоналии | Пуанкаре А., ученый |
| 653 | 0_ | a | Ключевые слова | Методические указания |
| a | Ключевые слова | Интеграл Пуанкаре | ||
| a | Ключевые слова | Механика сплошных сред | ||
| a | Ключевые слова | Принцип наименьшего действия Пуанкаре | ||
| 700 | 12 | a | Другие авторы | Коротаев Б. А. |
| e | Роль лиц | Составитель | ||
| 700 | 12 | a | Другие авторы | Коротаев А. Б. |
| e | Роль лиц | Составитель | ||
| 856 | 40 | u | URL | https://elib.mauniver.ru/2024/M_24_54.pdf |
| 901 | t | Тип документа | m |